<?xml version="1.0" encoding="UTF-8"?>
<record
    xmlns:xsi="http://www.w3.org/2001/XMLSchema-instance"
    xsi:schemaLocation="http://www.loc.gov/MARC21/slim http://www.loc.gov/standards/marcxml/schema/MARC21slim.xsd"
    xmlns="http://www.loc.gov/MARC21/slim">

  <leader>02216nam a2200337 i 4500</leader>
  <controlfield tag="003">DO-SdBNP</controlfield>
  <controlfield tag="005">20250917143218.0</controlfield>
  <controlfield tag="007">ta</controlfield>
  <controlfield tag="008">220601b2021    dr ag||| |||| 00| 0 spa d</controlfield>
  <datafield tag="020" ind1=" " ind2=" ">
    <subfield code="a">9789945931129</subfield>
  </datafield>
  <datafield tag="040" ind1=" " ind2=" ">
    <subfield code="a">DO-SdBNP</subfield>
    <subfield code="b">spa</subfield>
    <subfield code="c">BNPHU</subfield>
    <subfield code="e">rda</subfield>
  </datafield>
  <datafield tag="041" ind1=" " ind2=" ">
    <subfield code="a">spa</subfield>
  </datafield>
  <datafield tag="082" ind1=" " ind2="4">
    <subfield code="a">929.6097293</subfield>
    <subfield code="b">G633s 2021</subfield>
    <subfield code="2">22</subfield>
  </datafield>
  <datafield tag="100" ind1="1" ind2=" ">
    <subfield code="a">G&#xF3;mez, Wilson,</subfield>
    <subfield code="e">autor</subfield>
    <subfield code="4">aut.</subfield>
    <subfield code="9">8532</subfield>
  </datafield>
  <datafield tag="245" ind1="1" ind2="0">
    <subfield code="a">Simbolog&#xED;a patri&#xF3;tica de la Rep&#xFA;blica Dominicana /</subfield>
    <subfield code="c">Wilson S. G&#xF3;mez Ram&#xED;rez ; pr&#xF3;logo, Jos&#xE9; Joaqu&#xED;n P&#xE9;rez Savi&#xF1;&#xF3;n.</subfield>
  </datafield>
  <datafield tag="250" ind1=" " ind2=" ">
    <subfield code="a">Tercera edici&#xF3;n</subfield>
  </datafield>
  <datafield tag="264" ind1=" " ind2="1">
    <subfield code="a">Santo Domingo, Rep&#xFA;blica Dominicana :</subfield>
    <subfield code="b">Instituto Duartiano,</subfield>
    <subfield code="c">2021.</subfield>
  </datafield>
  <datafield tag="300" ind1=" " ind2=" ">
    <subfield code="a">226 p&#xE1;ginas :</subfield>
    <subfield code="b">ilustraciones, m&#xFA;sica ;</subfield>
    <subfield code="c">23 cm.</subfield>
  </datafield>
  <datafield tag="336" ind1=" " ind2=" ">
    <subfield code="a">texto</subfield>
    <subfield code="b">txt</subfield>
    <subfield code="2">rdacontent</subfield>
  </datafield>
  <datafield tag="337" ind1=" " ind2=" ">
    <subfield code="a">sin mediaci&#xF3;n</subfield>
    <subfield code="b">n</subfield>
    <subfield code="2">rdamedia</subfield>
  </datafield>
  <datafield tag="338" ind1=" " ind2=" ">
    <subfield code="a">volumen</subfield>
    <subfield code="b">nc</subfield>
    <subfield code="2">rdacarrier</subfield>
  </datafield>
  <datafield tag="504" ind1=" " ind2=" ">
    <subfield code="a">Bibliograf&#xED;a: p&#xE1;ginas 215-218</subfield>
  </datafield>
  <datafield tag="505" ind1="0" ind2=" ">
    <subfield code="a">Pr&#xF3;logo. --</subfield>
    <subfield code="g">Cap&#xED;tulo 1</subfield>
    <subfield code="t">Surgimiento de la bandera en el mundo. --</subfield>
    <subfield code="g">Cap&#xED;tulo 2</subfield>
    <subfield code="t">Dise&#xF1;o y confecci&#xF3;n de la bandera nacional dominicana. --</subfield>
    <subfield code="g">Cap&#xED;tulo 3</subfield>
    <subfield code="t">Origen del escudo en el mundo. --</subfield>
    <subfield code="g">Cap&#xED;tulo 4</subfield>
    <subfield code="t">Dise&#xF1;o y confecci&#xF3;n del escudo nacional dominicano. --</subfield>
    <subfield code="g">Cap&#xED;tulo 5</subfield>
    <subfield code="t">La bandera presidencial. --</subfield>
    <subfield code="g">Cap&#xED;tulo 6</subfield>
    <subfield code="t">Los himnos del mundo. --</subfield>
    <subfield code="g">Cap&#xED;tulo 7</subfield>
    <subfield code="t">El himno nacional dominicano. --</subfield>
    <subfield code="g">Cap&#xED;tulo 8</subfield>
    <subfield code="t">Himnos patri&#xF3;ticos. --</subfield>
    <subfield code="g">Anexos 1</subfield>
    <subfield code="t">Biograf&#xED;a del maestro Jos&#xE9; Reyes. --</subfield>
    <subfield code="g">Anexos 2</subfield>
    <subfield code="t">Biograf&#xED;a del maestro Emilio Prud'homme. --</subfield>
    <subfield code="g">Anexos 3</subfield>
    <subfield code="t">Ley n&#xFA;m.210-19, de fecha 12 de julio de 2019, que regula el uso de los s&#xED;mbolos patrios de la Rep&#xFA;blica Dominicana. --</subfield>
    <subfield code="g">Anexo 4</subfield>
    <subfield code="t">Ley No. 193-19 Dispone que las im&#xE1;genes de los patricios Juan Pablo Duarte,  Francisco del Rosario S&#xE1;nchez y Ram&#xF3;n Mat&#xED;as Mella sean colocadas en todas las instituciones p&#xFA;blicas del pa&#xED;s. G. O. No. 10945 del 24 de junio de 2019. --</subfield>
    <subfield code="g">Anexo 5 </subfield>
    <subfield code="t">Escudos y banderas provinciales. --</subfield>
    <subfield code="t">Bibliograf&#xED;a.</subfield>
  </datafield>
  <datafield tag="590" ind1=" " ind2=" ">
    <subfield code="a">Inventariado, 2022/BT</subfield>
  </datafield>
  <datafield tag="650" ind1=" " ind2="4">
    <subfield code="a">Emblemas nacionales</subfield>
    <subfield code="z">Rep&#xFA;blica Dominicana</subfield>
    <subfield code="9">10404</subfield>
  </datafield>
  <datafield tag="650" ind1=" " ind2="4">
    <subfield code="a">Banderas </subfield>
    <subfield code="z">Rep&#xFA;blica Dominicana</subfield>
    <subfield code="9">55099</subfield>
  </datafield>
  <datafield tag="650" ind1=" " ind2="4">
    <subfield code="a">Escudos nacionales</subfield>
    <subfield code="z">Rep&#xFA;blica Dominicana</subfield>
    <subfield code="9">55100</subfield>
  </datafield>
  <datafield tag="700" ind1="1" ind2=" ">
    <subfield code="a">P&#xE9;rez Savi&#xF1;&#xF3;n, Jos&#xE9; Joaqu&#xED;n,</subfield>
    <subfield code="e">prologuista</subfield>
    <subfield code="4">pr.</subfield>
    <subfield code="9">55022</subfield>
  </datafield>
  <datafield tag="910" ind1=" " ind2=" ">
    <subfield code="a">Btav&#xE1;rez. Validado MFF</subfield>
  </datafield>
  <datafield tag="942" ind1=" " ind2=" ">
    <subfield code="2">ddc</subfield>
    <subfield code="c">LBS1</subfield>
  </datafield>
  <datafield tag="952" ind1=" " ind2=" ">
    <subfield code="0">0</subfield>
    <subfield code="1">0</subfield>
    <subfield code="2">ddc</subfield>
    <subfield code="5">3</subfield>
    <subfield code="7">0</subfield>
    <subfield code="8">PD</subfield>
    <subfield code="a">BNPHU</subfield>
    <subfield code="b">BNPHU</subfield>
    <subfield code="c">HD</subfield>
    <subfield code="d">2022-06-01</subfield>
    <subfield code="e">Dep&#xF3;sito Legal</subfield>
    <subfield code="o">BNPHU PD 929.6097293 G633s 2021</subfield>
    <subfield code="p">2022-2556</subfield>
    <subfield code="r">2022-06-01</subfield>
    <subfield code="w">2022-06-01</subfield>
    <subfield code="y">LBS1</subfield>
  </datafield>
  <datafield tag="952" ind1=" " ind2=" ">
    <subfield code="0">0</subfield>
    <subfield code="1">0</subfield>
    <subfield code="2">ddc</subfield>
    <subfield code="5">3</subfield>
    <subfield code="7">0</subfield>
    <subfield code="8">PD</subfield>
    <subfield code="a">BNPHU</subfield>
    <subfield code="b">BNPHU</subfield>
    <subfield code="c">HD</subfield>
    <subfield code="d">2022-06-01</subfield>
    <subfield code="e">Dep&#xF3;sito Legal</subfield>
    <subfield code="o">BNPHU PD 929.6097293 G633s 2021</subfield>
    <subfield code="p">2022-2557</subfield>
    <subfield code="r">2022-06-01</subfield>
    <subfield code="t">e.2</subfield>
    <subfield code="w">2022-06-01</subfield>
    <subfield code="y">LBS1</subfield>
  </datafield>
  <datafield tag="952" ind1=" " ind2=" ">
    <subfield code="0">0</subfield>
    <subfield code="1">0</subfield>
    <subfield code="2">ddc</subfield>
    <subfield code="5">6</subfield>
    <subfield code="7">0</subfield>
    <subfield code="8">DS</subfield>
    <subfield code="a">BNPHU</subfield>
    <subfield code="b">BNPHU</subfield>
    <subfield code="c">HD</subfield>
    <subfield code="d">2022-06-01</subfield>
    <subfield code="e">Donado por la Presidencia de la Rep&#xFA;blica Dominicana 2023.</subfield>
    <subfield code="o">BNPHU DS 929.6097293 G633s 2021</subfield>
    <subfield code="p">2022-2558</subfield>
    <subfield code="r">2022-06-01</subfield>
    <subfield code="t">e.3</subfield>
    <subfield code="w">2022-06-01</subfield>
    <subfield code="y">LBS1</subfield>
    <subfield code="z">Perteneci&#xF3; a la biblioteca personal de Emilio Cordero Michel.</subfield>
  </datafield>
  <datafield tag="952" ind1=" " ind2=" ">
    <subfield code="0">0</subfield>
    <subfield code="1">0</subfield>
    <subfield code="2">ddc</subfield>
    <subfield code="5">6</subfield>
    <subfield code="7">0</subfield>
    <subfield code="8">DS</subfield>
    <subfield code="a">BNPHU</subfield>
    <subfield code="b">BNPHU</subfield>
    <subfield code="c">HD</subfield>
    <subfield code="d">2022-04-08</subfield>
    <subfield code="e">Donado por el Instituto Duartiano</subfield>
    <subfield code="l">0</subfield>
    <subfield code="o">BNPHU DS 929.6097293 G633s 2021</subfield>
    <subfield code="p">2025-9946</subfield>
    <subfield code="r">2025-09-11</subfield>
    <subfield code="t">e.4</subfield>
    <subfield code="w">2025-09-11</subfield>
    <subfield code="y">LBS1</subfield>
  </datafield>
  <datafield tag="952" ind1=" " ind2=" ">
    <subfield code="0">0</subfield>
    <subfield code="1">0</subfield>
    <subfield code="2">ddc</subfield>
    <subfield code="5">6</subfield>
    <subfield code="7">0</subfield>
    <subfield code="8">DS</subfield>
    <subfield code="a">BNPHU</subfield>
    <subfield code="b">BNPHU</subfield>
    <subfield code="c">HD</subfield>
    <subfield code="d">2022-04-08</subfield>
    <subfield code="e">Donado por el Instituto Duartiano</subfield>
    <subfield code="l">0</subfield>
    <subfield code="o">BNPHU DS 929.6097293 G633s 2021</subfield>
    <subfield code="p">2025-9947</subfield>
    <subfield code="r">2025-09-11</subfield>
    <subfield code="t">e.5</subfield>
    <subfield code="w">2025-09-11</subfield>
    <subfield code="y">LBS1</subfield>
  </datafield>
  <datafield tag="999" ind1=" " ind2=" ">
    <subfield code="c">51871</subfield>
    <subfield code="d">51871</subfield>
  </datafield>
</record>
